banner koha

Evaluation of gas exchanges in different Prunus SPP. rootstocks under drought and flooding stress (Registro n. 338603)

MARC details
000 -LÍDER
fixed length control field 05441nab a2200349 i 4500
003 - CÓDIGO MARC DA AGÊNCIA CATALOGADORA
Campo de controle BR-BrBNA
005 - DATA E HORA DA ÚLTIMA ATUALIZAÇÃO
Campo de controle 20251008175233.0
008 - CAMPO DE TAMANHO FIXO
fixed length control field 251008b2017 bl.|r|pooa||| 00| 0 eng |
040 ## - FONTE DA CATALOGAÇÃO
Agência catalogadora BR-BrBNA
Idioma da catalogação eng
072 ## - CATEGORIA AGRIS
Código AGRIS H50
Código do objeto 0716
072 ## - CATEGORIA AGRIS
Código AGRIS F02
Código do objeto 0720
072 ## - CATEGORIA AGRIS
Código AGRIS F60
100 ## - ENTRADA PRINCIPAL - NOME PESSOAL
Nome pessoal Klumb, Elsa Kuhn
100 ## - ENTRADA PRINCIPAL - NOME PESSOAL
Nome pessoal Rickes, Letícia Neutzling
100 ## - ENTRADA PRINCIPAL - NOME PESSOAL
Nome pessoal Braga, Eugênia Jacira Bolacel
100 ## - ENTRADA PRINCIPAL - NOME PESSOAL
Nome pessoal Bianchi, Valmor João
245 ## - TÍTULO PRINCIPAL
Título principal Evaluation of gas exchanges in different Prunus SPP. rootstocks under drought and flooding stress
500 ## - NOTA GERAL
Nota geral Publicação online; 21 ref.; 3 illus.; Summaries (En, Pt)
942 ## - ADDED ENTRY ELEMENTS (KOHA)
Koha item type Analítica
520 ## - NOTA DE RESUMO
Nota de conteúdo <br/><br/><br/>ABSTRACT - The state of Rio Grande do Sul is the largest peach productor in Brazil; however, it still possesses poor yield values when compared with other states. One of the problems associated with this is the occurrence of soils with drainage problems, mainly in Pelotas region, which depending on the year period, may undergo water deficit or flooding situations in the great majority of the years, which harm the crop development and yield. Among the harmful effects caused by these stresses stand out, the decrease in the net assimilation rate, closure of stomata, reduction of the cell activities, production of reactive oxygen species, membrane and protein destabilization. Thus, the aim of this study was to investigate in what magnitude of the gaseous exchange parameters of Prunus spp. rootstocks are influenced under drought and flood stress. In the experiment, gas exchange parameters net photosynthetic rate (A) stomata conductance (gs), intercellular carbon (Ci) and transpiration (E)] were evaluated in three Prunus spp. rootstocks (peach tree ‘Capdeboscq’ and plum trees ‘Julior’ and ‘Marianna 2624’) under three water conditions (control, water deficit and soil flooding) for seven days. The three rootstocks proved more susceptible to flooding than to water deficit, only varying in response time, which is intrinsic to each genotype, and that there is a genetic variability for the tolerance to the studied stresses. The variation on physiological response to the water deficit stress was later in both evaluated genotypes. However, in general, ‘Julior’ presented greater tolerance to both stresses when compared to the other rootstocks evaluated. Such information is useful to help in the choice of rootstocks for plant production, in the orchard management and for plant breeding programs, aiming at the selection of new genotypes with increased tolerance to these water stresses.<br/><br/><br/><br/>Index terms: water stress, photosynthesis, peach tree, plum tree.
520 ## - NOTA DE RESUMO
Nota de conteúdo <br/><br/><br/>RESUMO- O Estado do Rio Grande do Sul é o detentor da maior produção de pêssegos do Brasil; entretanto, ainda possui valores baixos de produtividade, quando comparado com outros estados. Um dos problemas associados a isto é a ocorrência de solos com problemas de drenagem, principalmente na região de Pelotas que, dependendo do período do ano, podem sofrer situações de déficit hídrico ou de alagamento, na grande maioria dos anos, que prejudicam o desenvolvimento e a produtividade da cultura. Dentre os efeitos prejudiciais causados por estes estresses, destacam-se a diminuição na taxa assimilatória líquida, fechamento de estômatos, a redução das atividades celulares, a produção de espécies reativas de oxigênio e a desestabilização de membranas e de proteínas. Desta forma, o objetivo deste trabalho foi investigar em que magnitude os parâmetros de trocas gasosas de porta-enxertos de Prunus spp. são influenciados sob estresse por seca e alagamento. No experimento, foram avaliados parâmetros de trocas gasosas [taxa fotossintética líquida (A) condutância estomática (gs), carbono intercelular (Ci) e transpiração (E)], em três porta-enxertos de Prunus spp. (pessegueiro ‘Capdeboscq’ e ameixeiras ‘Julior’ e ‘Marianna 2624’), em três condições hídricas (controle, déficit hídrico e alagamento do solo), durante sete dias. Os três porta enxertos demonstraram ser mais suscetíveis ao alagamento do que ao déficit hídrico, apenas variando no tempo de resposta, que é intrínseco a cada genótipo, evidenciando existir variabilidade genética para a tolerância aos estresses estudados. A resposta ao estresse por déficit hídrico foi mais tardia em ambos os genótipos avaliados. Entretanto, no geral ‘Julior’ apresentou maior tolerância a ambos os estresses em relação aos outros portaenxertos avaliados. Tais informações são úteis para auxiliar na escolha de porta-enxertos para a produção de mudas, no manejo de pomares, e para programas de melhoramento de plantas, visando à seleção de novos genótipos com maior tolerância a esses estresses abióticos.<br/><br/><br/><br/>Termos para indexação: estresse hídrico, fotossíntese, pessegueiro, ameixeira
650 ## - ASSUNTO - THESAGRO
Cabeçalho tópico ou nome geográfico PÊSSEGO
650 ## - ASSUNTO - THESAGRO
Cabeçalho tópico ou nome geográfico AMEIXA
650 ## - ASSUNTO - THESAGRO
Cabeçalho tópico ou nome geográfico PORTA-ENXERTO
650 ## - ASSUNTO - THESAGRO
Cabeçalho tópico ou nome geográfico DEFICIÊNCIA HÍDRICA
650 ## - ASSUNTO - THESAGRO
Cabeçalho tópico ou nome geográfico FOTOSSÍNTESE
650 ## - ASSUNTO - THESAGRO
Cabeçalho tópico ou nome geográfico TROCA GASOSA
650 ## - ASSUNTO - THESAGRO
Cabeçalho tópico ou nome geográfico RIO GRANDE DO SUL
773 0# - ENTRADA ANALÍTICA
Host Biblionumber 805
Registro do item 317029
Imprenta Jaboticabal-SP Sociedade Brasileira de Fruticultura 1978
Outro identificador 2024-3591
Título Revista Brasileira de Fruticultura (Brazil)
ISSN 0100-2945
Colação v. 39(4) p. 1-8; (2017)
Número de controle de registro BR2025004219
856 ## - ACESSO E ENDEREÇO ELETRÔNICO
Identificador uniforme de recurso - URI https://www.scielo.br/j/rbf/a/TZRRx5sGw9FhW7Wdr4gVwbM/?format=pdf&lang=en

Nenhum exemplar disponível.

BINAGRI

Telefone: (61)3218-2567/2388/3357/2097 - binagri@agro.gov.br

Ministério da Agricultura e Pecuária , Esplanada dos Ministérios, Bloco D, Anexo B, Brasília/DF, CEP: 70.043-900